00428nam a22001097a 4500082000800000100002200008245015900030260003600189300002700225650003400252700003200286 a615 aSharif, Mahjabeen aAttenuation of Insulin Induced Bronchoconstriction with Antiasthmatic Drugs on Isolated Tracheal Smooth Muscle of Guinea Pig in Vitro /cMahjabeen Sharif. aIslamabad :bAMC - NUST,c2012. a157 p. : ill. ;c30cm. aPharmacology - M Phil Theses. aSup Dr. Bushra Tayyaba Khan